000 00328 a2200157 4500
001 180314
020 _a
040 _cMagnum
100 _aIacocca, Liliana
240 1 0 _aO cachorro e a pulga
_lpor
245 1 0 _aO cachorro e a pulga
362 0 _a1899
440 1 _aÁtica
697 _aMAGNITO: IJ/ANIMAIS
942 _cBK
999 _c180314
_d180314